[Event "World Rapid 2017"]
[Site "Riyadh KSA"]
[Date "2017.12.27"]
[Round "9.34"]
[White "Howell, David W L"]
[Black "Malakhov, Vladimir"]
[Result "0-1"]
[WhiteTitle "GM"]
[BlackTitle "GM"]
[WhiteElo "2676"]
[BlackElo "2686"]
[WhiteFideId "410608"]
[BlackFideId "4120787"]
[EventDate "2017.12.26"]

1. c4 Nf6 2. Nc3 e5 3. Nf3 Nc6 4. e3 d5 5. cxd5 Nxd5 6. Bb5 Nxc3 7. bxc3 Bd6 8.
d4 Bd7 9. O-O Qe7 10. e4 O-O 11. Re1 Nxd4 12. Nxd4 exd4 13. Bxd7 Qxd7 14. cxd4
Bb4 15. Re3 Rad8 16. Bb2 Bc5 17. Rd3 Rfe8 18. Qh5 Bf8 19. Qf3 Qa4 20. Re3 c6 21.
h4 Re6 22. h5 Rde8 23. e5 Rd8 24. Rb3 b6 25. Qf5 c5 26. Rf3 Qe8 27. dxc5 Bxc5
28. Bc3 b5 29. Qg4 b4 30. Bxb4 Rd4 31. Rf4 Rxf4 32. Qxf4 Bxb4 33. Qxb4 Rxe5 34.
h6 gxh6 35. Rc1 h5 36. Qc3 h6 37. Qg3+ Rg5 38. Qf3 a5 39. a3 Qe6 40. Kh1 Kg7 41.
Qc3+ Qe5 42. Qxe5+ Rxe5 43. Rc4 Kg6 44. Kh2 Rd5 45. g3 Kg5 46. Kh3 f6 47. Rc8
Kf5 48. Rc4 Kg6 49. Re4 Rf5 50. Kg2 Kf7 51. f4 Rc5 52. Kh3 Kg6 53. Rd4 Rb5 54.
Rc4 Rd5 55. Re4 h4 56. gxh4 Rd3+ 57. Kg2 Rxa3 58. Re8 h5 59. Rh8 a4 60. f5+ Kxf5
61. Rxh5+ Kg4 62. Rh8 Ra2+ 63. Kf1 a3 64. h5 Rb2 65. h6 a2 66. Ra8 Rb1+ 0-1

[Event "World Rapid 2017"]
[Site "Riyadh KSA"]
[Date "2017.12.27"]
[Round "9.35"]
[White "Akobian, Varuzhan"]
[Black "Nguyen, Ngoc Truong Son"]
[Result "1-0"]
[WhiteTitle "GM"]
[BlackTitle "GM"]
[WhiteElo "2647"]
[BlackElo "2630"]
[WhiteFideId "13300580"]
[BlackFideId "12401110"]
[EventDate "2017.12.26"]

1. d4 d5 2. c4 dxc4 3. e3 Nf6 4. Bxc4 e6 5. Nf3 c5 6. O-O a6 7. dxc5 Qxd1 8.
Rxd1 Bxc5 9. Nbd2 Nbd7 10. Be2 b6 11. Nc4 Bb7 12. b3 O-O 13. Bb2 Rfd8 14. Rac1
Nf8 15. Bd4 Bxd4 16. Nxd4 N8d7 17. Bf3 Bxf3 18. gxf3 Rac8 19. Nd6 Rxc1 20. Rxc1
Nc5 21. Nc4 Nd5 22. Nxb6 Nxb3 23. Nxb3 Nxb6 24. Rc6 Rb8 25. Nc5 a5 26. Na6 Rb7
27. Nc5 Rb8 28. a4 h6 29. Na6 Rb7 30. Nc5 Rb8 31. f4 Nd5 32. Ra6 g5 33. fxg5
hxg5 34. Rxa5 Rb1+ 35. Kg2 Rb2 36. Kg3 Kg7 37. Ne4 Kg6 38. Nxg5 Kxg5 39. e4 Rd2
40. h4+ Kh5 41. exd5 exd5 42. Ra8 Rd4 43. f3 Kg6 44. a5 Ra4 45. a6 Kg7 46. a7
Kh7 47. h5 Kg7 48. h6+ Kh7 49. Kf2 Ra3 50. Ke2 d4 51. Kd2 Ra2+ 52. Kd3 Ra4 53.
Ke4 f6 54. f4 d3+ 55. Kxd3 f5 56. Kc3 Ra1 57. Kb4 Ra2 58. Kc5 Ra1 59. Kd6 Ra6+
60. Ke5 1-0

[Event "World Rapid 2017"]
[Site "Riyadh KSA"]
[Date "2017.12.27"]
[Round "9.36"]
[White "Jumabayev, Rinat"]
[Black "Bortnyk, Olexandr"]
[Result "0-1"]
[WhiteTitle "GM"]
[BlackTitle "GM"]
[WhiteElo "2612"]
[BlackElo "2610"]
[WhiteFideId "13702661"]
[BlackFideId "14120828"]
[EventDate "2017.12.26"]

1. e4 Nf6 2. e5 Nd5 3. d4 d6 4. Nf3 dxe5 5. Nxe5 c6 6. Be2 Bf5 7. O-O Nd7 8. Nf3
e6 9. c4 N5f6 10. Nh4 Bg6 11. Nc3 Bd6 12. g3 O-O 13. Nxg6 hxg6 14. Bg5 Qa5 15.
h4 Rfe8 16. a3 Qc7 17. Kg2 e5 18. d5 Bc5 19. Rc1 Bd4 20. h5 gxh5 21. Bxh5 Bxc3
22. d6 Qa5 23. Rxc3 e4 24. c5 Re5 25. b4 Qd8 26. Qd2 e3 27. Rxe3 Rxg5 28. Bxf7+
Kxf7 29. Re7+ Qxe7 30. dxe7 Rd5 31. Qf4 Re8 32. Re1 b6 33. Qc7 bxc5 34. bxc5
Nxc5 35. Qxa7 Nfe4 36. Re2 Rxe7 37. Qb6 Re6 38. Qc7+ Rd7 39. Qf4+ Ke7 40. Qg4 g5
41. Qf5 Rd5 42. Qh7+ Kd6 43. Qf7 Nd7 44. a4 Nec5 45. Ra2 Nd3 46. Qg7 Ne1+ 47.
Kf1 Nf3 48. Kg2 Ne1+ 49. Kf1 Ree5 50. Re2 Nf3 51. Rxe5 Ndxe5 52. Qf8+ Kd7 53.
Ke2 Rd2+ 54. Ke3 Rd3+ 55. Ke4 Rd4+ 56. Kf5 Rxa4 57. Kf6 Rd4 58. Qe7+ Kc8 59. Ke6
Nd7 60. Qa3 Re4+ 61. Kd6 Rd4+ 62. Ke6 g4 63. Qa6+ Kc7 64. Qa7+ Kc8 65. Qa6+ Kb8
66. Qxc6 Rd2 67. Qb5+ Kc7 68. Qa5+ Kb7 69. Qb4+ Kc7 70. Qc3+ Kb6 71. Qb4+ Kc7
72. Qc3+ Kb6 73. Qb4+ Kc6 74. Qa4+ Kc7 75. Qa5+ Nb6 76. Qc3+ Kb8 77. Qh8+ Nc8
78. Qc3 Rd4 79. Qc5 Kb7 80. Qb5+ Nb6 81. Kf6 Rd6+ 82. Kg7 Nd4 83. Qe5 Kc7 84.
Kf7 Nc6 85. Qf4 Nd5 86. Qc1 Kd7 87. Kg7 Nd8 88. Qa1 Nc6 89. Qa4 Nf6 90. Qb5 Ke7
91. Qb7+ Nd7 92. Qb1 Rf6 93. Qc2 Nd4 94. Qd1 Nf5+ 95. Kg8 Rg6+ 0-1

[Event "World Rapid 2017"]
[Site "Riyadh KSA"]
[Date "2017.12.27"]
[Round "9.37"]
[White "Alekseev, Evgeny"]
[Black "Ganguly, Surya Shekhar"]
[Result "1-0"]
[WhiteTitle "GM"]
[BlackTitle "GM"]
[WhiteElo "2616"]
[BlackElo "2650"]
[WhiteFideId "4138147"]
[BlackFideId "5002150"]
[EventDate "2017.12.26"]

1. e4 c5 2. Nf3 e6 3. d4 cxd4 4. Nxd4 Nc6 5. Nc3 Qc7 6. g3 a6 7. Bg2 Nf6 8. Nb3
d6 9. O-O Be7 10. f4 O-O 11. g4 Re8 12. g5 Nd7 13. Rf3 Bf8 14. Rh3 g6 15. Qe1
Bg7 16. Qh4 Nf8 17. Be3 b5 18. a3 b4 19. axb4 Nxb4 20. e5 d5 21. Nd4 Rb8 22. Nd1
Nc6 23. Nf2 Rxb2 24. Ng4 Nxd4 25. Bxd4 Rxc2 26. Nf6+ Bxf6 27. gxf6 Qc4 28. Bf2
h5 29. Qg5 Rxf2 30. Qh6 1-0

[Event "World Rapid 2017"]
[Site "Riyadh KSA"]
[Date "2017.12.27"]
[Round "9.38"]
[White "Bocharov, Dmitry"]
[Black "Malakhatko, Vadim"]
[Result "1-0"]
[WhiteTitle "GM"]
[BlackTitle "GM"]
[WhiteElo "2583"]
[BlackElo "2542"]
[WhiteFideId "4138716"]
[BlackFideId "14104202"]
[EventDate "2017.12.26"]

1. c4 e5 2. d3 Nc6 3. Nf3 Nf6 4. a3 g6 5. b4 d6 6. Bb2 Bg7 7. g3 O-O 8. Bg2 h6
9. O-O Be6 10. Nc3 Qd7 11. Rc1 Bh3 12. e4 Bxg2 13. Kxg2 Rfe8 14. Re1 Nh7 15. Nd5
Ng5 16. Nxg5 hxg5 17. Qd2 f6 18. c5 Ne7 19. Nxe7+ Rxe7 20. d4 exd4 21. Bxd4 dxc5
22. Rxc5 c6 23. Qb2 Re6 24. b5 Rae8 25. bxc6 Rxc6 26. Rd5 Qf7 27. Bxa7 f5 28.
Qb5 Rxe4 29. Rxe4 fxe4 30. Rd8+ Kh7 31. Qxg5 Bf6 32. Qd5 Qxd5 33. Rxd5 Ra6 34.
Bc5 Bb2 35. Rd7+ Kg8 36. Rxb7 Bxa3 37. Bd4 Bf8 38. h4 Ra4 39. Be3 Ra6 40. Rc7
Re6 41. Kh3 Bd6 42. Rd7 Be7 43. Kg4 Kf8 44. Ra7 Ke8 45. h5 gxh5+ 46. Kxh5 Re5+
47. Kg6 Bc5 48. Ra5 Bd6 49. Rxe5+ Bxe5 50. Kf5 1-0

[Event "World Rapid 2017"]
[Site "Riyadh KSA"]
[Date "2017.12.27"]
[Round "9.40"]
[White "Vidit, Santosh Gujrathi"]
[Black "Andriasian, Zaven"]
[Result "1/2-1/2"]
[WhiteTitle "GM"]
[BlackTitle "GM"]
[WhiteElo "2715"]
[BlackElo "2585"]
[WhiteFideId "5029465"]
[BlackFideId "13302000"]
[EventDate "2017.12.26"]

1. e4 c5 2. Nf3 d6 3. d4 cxd4 4. Nxd4 Nf6 5. Nc3 a6 6. g3 e5 7. Nde2 Be7 8. Bg2
O-O 9. O-O b5 10. Nd5 Nbd7 11. Nec3 Bb7 12. b3 Nxd5 13. Nxd5 Nf6 14. c4 bxc4 15.
bxc4 Rc8 16. Rb1 Bc6 17. Be3 Nxd5 18. exd5 Bd7 19. Qd3 Qc7 20. Rb6 Bg5 21. Rxa6
Bxe3 22. Qxe3 Qxc4 23. Rxd6 Bb5 24. Rb6 Rfe8 25. Rb1 Bd7 26. a3 Bf5 27. Rd1 Qc2
28. Qe1 Bg4 29. Rdb1 e4 30. d6 e3 31. fxe3 Qc5 32. Qf2 Qxa3 33. Rb7 Rf8 34. h3
Be6 35. Rd1 Rfd8 36. d7 Rc1 37. Rxc1 Qxc1+ 38. Kh2 Qd1 39. Qf4 h6 40. Qh4 Rxd7
41. Rb8+ Kh7 42. Qe4+ g6 43. Qe5 Rd8 44. Rxd8 Qxd8 45. h4 h5 46. Qd4 Qa5 47. Qb2
Qe1 48. Qe5 Qe2 49. Qf4 Bd5 50. e4 Be6 51. Qf6 Qa2 52. Kg1 Qb1+ 53. Qf1 Qb2 54.
Qf2 Qc3 55. Kh2 Kg7 56. Qf4 Qb2 57. Kg1 1/2-1/2

[Event "World Rapid 2017"]
[Site "Riyadh KSA"]
[Date "2017.12.27"]
[Round "9.41"]
[White "Mchedlishvili, Mikheil"]
[Black "Demchenko, Anton"]
[Result "0-1"]
[WhiteTitle "GM"]
[BlackTitle "GM"]
[WhiteElo "2603"]
[BlackElo "2660"]
[WhiteFideId "13600966"]
[BlackFideId "4160258"]
[EventDate "2017.12.26"]

1. d4 Nf6 2. Bg5 g6 3. Bxf6 exf6 4. e3 d5 5. c4 dxc4 6. Bxc4 Bd6 7. Nc3 c6 8.
Nge2 Nd7 9. h4 h5 10. g3 Qe7 11. Nf4 Nb6 12. Bb3 Bg4 13. Qd3 O-O-O 14. Qe4 Qd7
15. Rc1 Rhe8 16. Qd3 Kb8 17. Nfe2 Re7 18. Rf1 Rde8 19. a3 g5 20. Na4 Nxa4 21.
Bxa4 Bc7 22. Qb3 Ba5+ 23. Kd1 Qxd4+ 24. exd4 Rxe2 25. Rc5 Rxf2+ 0-1

[Event "World Rapid 2017"]
[Site "Riyadh KSA"]
[Date "2017.12.27"]
[Round "9.42"]
[White "Li, Chao b"]
[Black "Khenkin, Igor"]
[Result "1-0"]
[WhiteTitle "GM"]
[BlackTitle "GM"]
[WhiteElo "2732"]
[BlackElo "2554"]
[WhiteFideId "8604436"]
[BlackFideId "4659600"]
[EventDate "2017.12.26"]

1. d4 d5 2. c4 dxc4 3. e3 Be6 4. Nf3 c6 5. a4 Nf6 6. Na3 c5 7. Bd2 Nc6 8. dxc5
Ne4 9. Nxc4 g6 10. Nd4 Nxd4 11. exd4 Qxd4 12. Be3 Qxd1+ 13. Rxd1 Bg7 14. f3 Nf6
15. Na5 O-O 16. Bd4 Rfc8 17. Nxb7 Bb3 18. Ra1 Nd7 19. Be3 Bxb2 20. Rb1 Bc3+ 21.
Kf2 Bxa4 22. Ba6 Rc6 23. Be2 a5 24. Rhc1 Bb4 25. Ra1 Bb3 26. Rcb1 Bc3 27. Ra3
Bc2 28. Rb5 Bf6 29. Rbxa5 Rxa5 30. Rxa5 Rc7 31. Rb5 h5 32. Na5 Ne5 33. c6 Nxc6
34. Rc5 Ba4 35. Rc4 Bb5 36. Rc5 Ba4 37. f4 Rc8 38. f5 Na7 39. fxg6 fxg6 40. Rc4
Rf8 41. Rxa4 Bd4+ 42. Bf3 Bxe3+ 43. Kxe3 Nb5 44. Nc6 Re8 45. Ne5 Kg7 46. Bc6 Rd8
47. Be4 Nc3 48. Ra6 Rd6 49. Rxd6 exd6 50. Nf3 Kf6 51. Kd3 Na4 52. Kd4 g5 53. Bc2
Nb6 54. Nd2 d5 55. Bb3 g4 56. Bxd5 Nd7 57. Ne4+ Kf5 58. Ng3+ Kg5 59. Be6 Nf8 60.
Ne4+ Kg6 61. Ke5 1-0

[Event "World Rapid 2017"]
[Site "Riyadh KSA"]
[Date "2017.12.27"]
[Round "9.43"]
[White "Socko, Bartosz"]
[Black "Christiansen, Johan-Sebastian"]
[Result "1/2-1/2"]
[WhiteTitle "GM"]
[BlackTitle "IM"]
[WhiteElo "2593"]
[BlackElo "2495"]
[WhiteFideId "1107038"]
[BlackFideId "1512668"]
[EventDate "2017.12.26"]

1. d4 Nf6 2. c4 c5 3. d5 b5 4. cxb5 a6 5. e3 Bb7 6. Nc3 e6 7. dxe6 fxe6 8. Nf3
Be7 9. Be2 O-O 10. O-O axb5 11. Bxb5 Qc7 12. h3 d5 13. Re1 Nc6 14. Bf1 Rad8 15.
Qa4 Kh8 16. e4 dxe4 17. Ng5 Nd4 18. Ncxe4 Nxe4 19. Nxe4 Bc6 20. Qd1 Nf3+ 21.
Qxf3 Rxf3 22. gxf3 Qe5 23. Bg2 Bxe4 24. fxe4 c4 25. Rb1 Bb4 26. Rf1 Bc5 27. Be3
Bxe3 28. fxe3 h6 29. Rf2 Rd3 30. Re1 Qg3 31. Rfe2 Kh7 32. a4 h5 33. a5 Qg5 34.
a6 Qa5 35. e5 Kh6 36. Bb7 Rd2 37. Rxd2 Qxd2 38. a7 Qxe1+ 39. Kh2 Qxe3 40. a8=Q
Qxe5+ 41. Kh1 Qxb2 42. Qh8+ Kg5 43. Qd8+ Kh6 44. Qh8+ Kg5 45. Qd8+ Kh6 46. Qh8+
Kg5 47. Qd8+ Kh6 1/2-1/2

[Event "World Rapid 2017"]
[Site "Riyadh KSA"]
[Date "2017.12.27"]
[Round "9.44"]
[White "Moiseenko, Alexander"]
[Black "Ivanchuk, Vassily"]
[Result "1/2-1/2"]
[WhiteTitle "GM"]
[BlackTitle "GM"]
[WhiteElo "2667"]
[BlackElo "2726"]
[WhiteFideId "14102560"]
[BlackFideId "14100010"]
[EventDate "2017.12.26"]

1. d4 d5 2. c4 c6 3. cxd5 cxd5 4. Bg5 f6 5. Bd2 Nc6 6. Nc3 e5 7. e4 Nxd4 8. Nxd5
Ne7 9. Bc4 Nxd5 10. Bxd5 Be6 11. Bxe6 Nxe6 12. Ne2 Qd3 13. f3 Bc5 14. Qb3 Qxb3
15. axb3 O-O-O 16. O-O-O Rd7 17. Bc3 Rhd8 18. Rxd7 Kxd7 19. Rd1+ Kc6 20. Rxd8
Nxd8 21. Kc2 Ne6 22. Kd3 a6 23. Bd2 Bd4 24. Bc3 Bxc3 25. Kxc3 Kb5 26. g3 a5 27.
h4 b6 28. Nc1 g5 29. h5 g4 30. fxg4 Nc5 31. Ne2 Nxe4+ 32. Kd3 Nf2+ 33. Ke3 Nxg4+
34. Ke4 Kb4 35. Nc1 Nh6 36. Kd5 Nf5 37. g4 Ne3+ 38. Ke6 Nxg4 39. Kf5 Nf2 40.
Kxf6 e4 41. Kg7 Nd3 42. Ne2 Kxb3 43. Kxh7 Ne5 44. Kg7 Ng4 45. Kg6 Kxb2 46. Kg5
Ne5 47. Kf6 Nd7+ 48. Ke7 Ne5 49. Kf6 1/2-1/2

[Event "World Rapid 2017"]
[Site "Riyadh KSA"]
[Date "2017.12.27"]
[Round "9.45"]
[White "Sethuraman, S.P."]
[Black "Inarkiev, Ernesto"]
[Result "1-0"]
[WhiteTitle "GM"]
[BlackTitle "GM"]
[WhiteElo "2646"]
[BlackElo "2689"]
[WhiteFideId "5021596"]
[BlackFideId "4162722"]
[EventDate "2017.12.26"]

1. e4 e5 2. Nf3 Nc6 3. Bc4 Bc5 4. d3 Nf6 5. c3 O-O 6. Bg5 h6 7. Bh4 Be7 8. Nbd2
d6 9. a4 Nh5 10. g3 Nf6 11. Bxf6 Bxf6 12. h4 h5 13. Nh2 g6 14. g4 hxg4 15. Nxg4
Bxh4 16. Qf3 Kg7 17. O-O-O Bxg4 18. Qxg4 Bg5 19. Rh3 Qf6 20. Rdh1 Rh8 21. R1h2
Ne7 22. Kc2 c6 23. Nf3 Bh6 24. Qd7 d5 25. Bb3 Rad8 26. Qc7 Bf4 27. Rxh8 Rxh8 28.
Rxh8 Kxh8 29. Qxb7 dxe4 30. dxe4 a5 31. Ne1 Bg5 32. Nd3 Qf3 33. Bc4 Kg7 34. Qb8
Bf6 35. Qe8 Nd5 36. exd5 cxd5 37. Bb5 e4 38. Ne5 Qxf2+ 39. Kb3 Bg5 40. Nd7 Bc1
41. Qe5+ Kh6 42. Qxd5 Qxb2+ 43. Kc4 f5 44. Qd1 Be3 45. Qh1+ Kg7 46. Bc6 Qe2+ 47.
Kb3 Qd3 48. Qh2 Bd4 49. Qb2 e3 50. Bb5 Qd1+ 51. Qc2 Qxc2+ 52. Kxc2 Ba7 53. c4
Kf7 54. Kd3 Ke7 55. c5 f4 56. Nb6 Kd8 57. Ke4 g5 58. Kf3 Kc7 59. Nd5+ Kd8 60. c6
Bb8 61. Kg4 Bd6 62. Be2 Be5 63. Kxg5 Bd6 64. Kf5 Bb8 65. Ke6 Kc8 66. Kf5 Kd8 67.
Ke4 Bd6 68. Bb5 Kc8 69. Nxf4 1-0

[Event "World Rapid 2017"]
[Site "Riyadh KSA"]
[Date "2017.12.27"]
[Round "9.46"]
[White "Kryvoruchko, Yuriy"]
[Black "Halkias, Stelios"]
[Result "1-0"]
[WhiteTitle "GM"]
[BlackTitle "GM"]
[WhiteElo "2689"]
[BlackElo "2571"]
[WhiteFideId "14109182"]
[BlackFideId "4201809"]
[EventDate "2017.12.26"]

1. e4 e5 2. Nf3 Nc6 3. Bc4 Nf6 4. d3 Be7 5. O-O d6 6. a4 O-O 7. Re1 Kh8 8. h3
Na5 9. Ba2 c5 10. c3 Nc6 11. Na3 Be6 12. Bxe6 fxe6 13. Rb1 Rc8 14. Qe2 Qe8 15.
Nc2 Nh5 16. b4 cxb4 17. cxb4 Qg6 18. Be3 Nf4 19. Bxf4 exf4 20. d4 Bd8 21. Rbc1
Qe8 22. Na1 Bb6 23. Qd2 e5 24. Nb3 Nxd4 25. Nbxd4 Bxd4 26. Rxc8 Qxc8 27. Nxd4
exd4 28. Qxd4 f3 29. Qxd6 fxg2 30. Kxg2 Rf6 31. Qd4 h6 32. Re3 Qc2 33. Rg3 Qxa4
34. Qd8+ Kh7 35. Qe7 Rg6 36. Rxg6 Kxg6 37. Qxb7 Qc2 38. Qd5 Kh7 39. b5 Qb1 40.
h4 Qc1 41. Qf5+ Kh8 42. h5 Qc4 43. Qd5 Qc1 44. Qe5 Qc4 45. Qe8+ Kh7 46. Qc6 Qe2
47. Qg6+ Kh8 48. Qe8+ Kh7 49. Kg3 Qf1 50. Qg6+ Kh8 51. Qf5 Qg1+ 52. Kf3 Qd1+ 53.
Kf4 Qd6+ 54. Qe5 Qd2+ 55. Kg3 Qd3+ 56. f3 Qe3 57. Kg4 Qe2 58. Qe8+ Kh7 59. Qg6+
Kh8 60. Qf5 Qg2+ 61. Kf4 Qe2 62. Qd5 Qh2+ 63. Ke3 Qg1+ 64. Kd3 Qd1+ 65. Kc4 Qxf3
66. Kc5 Qf8+ 67. Qd6 Qf2+ 68. Qd4 Qf8+ 69. Kc4 Qf7+ 70. Qd5 Qf1+ 71. Kb4 Qe1+
72. Kc5 Qf2+ 73. Kc6 Qb6+ 74. Kd7 a5 75. e5 a4 76. e6 Qa7+ 77. Kc6 Qa8+ 78. Kc5
Qf8+ 79. Qd6 Qf3 80. e7 Qe3+ 81. Kc6 Kh7 82. Qg6+ 1-0

[Event "World Rapid 2017"]
[Site "Riyadh KSA"]
[Date "2017.12.27"]
[Round "9.47"]
[White "Zhao, Jun"]
[Black "Anton Guijarro, David"]
[Result "0-1"]
[WhiteTitle "GM"]
[BlackTitle "GM"]
[WhiteElo "2604"]
[BlackElo "2666"]
[WhiteFideId "8602522"]
[BlackFideId "2285525"]
[EventDate "2017.12.26"]

1. e4 e5 2. Nf3 Nc6 3. Bb5 a6 4. Ba4 Nf6 5. O-O Nxe4 6. d4 b5 7. Bb3 d5 8. dxe5
Be6 9. Be3 Be7 10. Nbd2 Nc5 11. c3 Nd3 12. Qb1 Ndxe5 13. Nxe5 Nxe5 14. Bd4 Qd6
15. f4 Ng4 16. Nf3 Qxf4 17. h3 Nf6 18. Ne5 Qg5 19. Qd3 c5 20. Nf3 Qg6 21. Qxg6
hxg6 22. Be5 O-O 23. Ng5 Nd7 24. Nxe6 fxe6 25. Rfe1 c4 26. Bc2 Bc5+ 27. Kh1 Rf2
28. Bxg6 Rxb2 29. a4 bxa4 30. Bd4 Bxd4 31. cxd4 Nf8 32. Bh5 Rb4 33. Rf1 c3 34.
Bd1 Rxd4 35. Bxa4 Rc8 36. Rfc1 Rd2 0-1

[Event "World Rapid 2017"]
[Site "Riyadh KSA"]
[Date "2017.12.27"]
[Round "9.48"]
[White "Sanal, Vahap"]
[Black "Movsesian, Sergei"]
[Result "0-1"]
[WhiteTitle "GM"]
[BlackTitle "GM"]
[WhiteElo "2551"]
[BlackElo "2647"]
[WhiteFideId "6300545"]
[BlackFideId "310204"]
[EventDate "2017.12.26"]

1. e4 c5 2. Nf3 e6 3. d4 cxd4 4. Nxd4 Nc6 5. Nc3 a6 6. g3 d6 7. Bg2 Bd7 8. O-O
Be7 9. Nce2 Qc7 10. b3 b5 11. Bb2 Nf6 12. Rc1 Rd8 13. c4 b4 14. Qd2 O-O 15. f4
Rfe8 16. Kh1 Qb6 17. Rce1 e5 18. Nf5 Bxf5 19. exf5 Ng4 20. Nc1 exf4 21. Qxf4
Nge5 22. Qe4 Bf6 23. Nd3 Re7 24. Nxe5 Nxe5 25. Bd4 Qc7 26. Qd5 h5 27. h3 Rde8
28. Rd1 Nd7 29. Bxf6 Nxf6 30. Qxd6 Qa5 31. Bc6 Qxa2 32. Bxe8 Rxe8 33. Qd2 Qxb3
34. Qd3 Qa4 35. Rfe1 Qc6+ 36. Kh2 Rxe1 37. Rxe1 a5 38. Qd8+ Kh7 39. Qxa5 Qxc4
40. Qe5 b3 41. Qb2 Qd3 42. Qf2 Ne4 43. Qg1 Qd2+ 44. Kh1 Nf2+ 0-1

[Event "World Rapid 2017"]
[Site "Riyadh KSA"]
[Date "2017.12.27"]
[Round "9.49"]
[White "Grigoriants, Sergey"]
[Black "Georgiev, Kiril"]
[Result "1-0"]
[WhiteTitle "GM"]
[BlackTitle "GM"]
[WhiteElo "2561"]
[BlackElo "2623"]
[WhiteFideId "4130804"]
[BlackFideId "2900017"]
[EventDate "2017.12.26"]

1. e4 c5 2. Nf3 d6 3. d4 Nf6 4. Nc3 cxd4 5. Nxd4 g6 6. Be2 Bg7 7. O-O Nc6 8. Nb3
O-O 9. Bg5 a6 10. Re1 b5 11. Bf1 Bb7 12. Qd2 Re8 13. Nd5 Nd7 14. c3 Nde5 15. a4
Nc4 16. Qc1 Rb8 17. axb5 axb5 18. Nd2 N6e5 19. Nb3 Bxd5 20. exd5 Qb6 21. Nd4 b4
22. Bxc4 bxc3 23. bxc3 Nxc4 24. Nc6 Ra8 25. Nxe7+ Kh8 26. Nc6 Rxe1+ 27. Qxe1
Rxa1 28. Qxa1 h6 29. Bf4 Kh7 30. h4 Qb3 31. Nd8 Qc2 32. Qa7 g5 33. Qxf7 Qg6 34.
hxg5 hxg5 35. Bg3 Kh6 36. Qe6 Bxc3 37. Nf7+ Kg7 38. Nxd6 Qb1+ 39. Kh2 Qh7+ 40.
Kg1 Qb1+ 41. Kh2 Qh7+ 42. Qh3 Nb6 43. Nb5 Bf6 44. d6 Nd7 45. Nc7 Kg6 46. Nd5
Qxh3+ 47. Kxh3 Kf5 48. Nxf6 Nxf6 49. f3 Nd7 50. Be1 Nf6 51. Bc3 Nd7 52. Kg3 Nc5
53. Bb4 Nd7 54. Bd2 Nf6 55. Kh3 Nd7 56. g4+ Kf6 57. Kg3 Nc5 58. Bb4 Nd7 59. Kf2
Nb6 60. Ba5 Nd7 61. Bd8+ Ke6 62. Bxg5 Kxd6 63. Ke3 Ke6 64. f4 Kd5 65. Bh4 Nc5
66. Be1 Ne4 67. f5 Ke5 68. Bb4 Ng5 69. Bc3+ Kd5 70. Bf6 Ne4 71. Bb2 Ng5 72. Kf4
Nh3+ 73. Kg3 Ng5 74. Kh4 Nf7 75. g5 Ke4 76. g6 Nh6 77. f6 1-0

[Event "World Rapid 2017"]
[Site "Riyadh KSA"]
[Date "2017.12.27"]
[Round "9.50"]
[White "Volokitin, Andrei"]
[Black "Dzhumagaliev, Yan"]
[Result "1-0"]
[WhiteTitle "GM"]
[BlackTitle "FM"]
[WhiteElo "2628"]
[BlackElo "2400"]
[WhiteFideId "14107090"]
[BlackFideId "24100110"]
[EventDate "2017.12.26"]

1. e4 c5 2. Nf3 e6 3. d4 cxd4 4. Nxd4 Nc6 5. Nc3 a6 6. Bf4 d6 7. Nxc6 bxc6 8.
Qd2 e5 9. Bg5 Nf6 10. O-O-O h6 11. Bh4 Be6 12. f3 Rb8 13. b3 a5 14. Kb1 Be7 15.
Bxf6 gxf6 16. f4 exf4 17. Qxf4 Qb6 18. Ne2 Qc5 19. Nd4 a4 20. g3 axb3 21. cxb3
Rb4 22. Qd2 Bg4 23. Nxc6 Bxd1 24. Nxb4 Bf3 25. Nd3 Qd4 26. Qf2 Qxf2 27. Nxf2
Bxh1 28. Nxh1 f5 29. exf5 d5 30. Bg2 d4 31. Nf2 Kd7 32. Ne4 Kc7 33. Kc2 Rd8 34.
Bf1 Kb6 35. Bc4 f6 36. Kd3 Ra8 37. a4 Rd8 38. g4 Ka5 39. h4 Kb4 40. g5 hxg5 41.
hxg5 fxg5 42. f6 Bc5 43. Nxg5 Rh8 44. f7 Rh1 45. Ne6 Rf1 46. Nxc5 Kxc5 47. a5
Rf4 48. b4+ Kxb4 49. a6 Rf3+ 50. Kxd4 Rf4+ 51. Ke3 Rf6 52. a7 1-0

[Event "World Rapid 2017"]
[Site "Riyadh KSA"]
[Date "2017.12.27"]
[Round "9.51"]
[White "Salgado Lopez, Ivan"]
[Black "Tissir, Mohamed"]
[Result "0-1"]
[WhiteTitle "GM"]
[BlackTitle "IM"]
[WhiteElo "2644"]
[BlackElo "2381"]
[WhiteFideId "2257327"]
[BlackFideId "9000240"]
[EventDate "2017.12.26"]

1. e4 c5 2. Nf3 d6 3. d4 cxd4 4. Nxd4 Nf6 5. f3 e6 6. Be3 Be7 7. Nc3 a6 8. Qd2
O-O 9. O-O-O Nc6 10. g4 Nd7 11. Kb1 Qc7 12. g5 b5 13. Nxc6 Qxc6 14. Ne2 Ne5 15.
Nd4 Qc7 16. h4 Nc4 17. Bxc4 bxc4 18. c3 d5 19. e5 Rb8 20. Ka1 Bd7 21. h5 Rb7 22.
Qh2 Rfb8 23. Rd2 Qa5 24. Rc2 Ba4 25. Rb1 Bb3 26. a3 Bxa3 0-1

[Event "World Rapid 2017"]
[Site "Riyadh KSA"]
[Date "2017.12.27"]
[Round "9.52"]
[White "Naiditsch, Arkadij"]
[Black "Omar, Noaman"]
[Result "1-0"]
[WhiteTitle "GM"]
[BlackTitle "IM"]
[WhiteElo "2705"]
[BlackElo "2364"]
[WhiteFideId "4650891"]
[BlackFideId "9300244"]
[EventDate "2017.12.26"]

1. e4 c6 2. Nc3 d5 3. Nf3 Bg4 4. h3 Bh5 5. exd5 cxd5 6. Bb5+ Nc6 7. g4 Bg6 8.
Ne5 Qd6 9. d4 f6 10. Nxg6 hxg6 11. Qd3 O-O-O 12. Bxc6 Qxc6 13. Qxg6 e5 14. Be3
Bb4 15. Qd3 e4 16. Qd2 Nh6 17. O-O-O Nf7 18. a3 Bxc3 19. Qxc3 Qxc3 20. bxc3 Rh4
21. c4 dxc4 22. d5 Rdh8 23. Rd4 Nd6 24. Bf4 Kd7 25. Re1 Rxh3 26. Kb2 c3+ 27. Kb3
Re8 28. a4 Rf3 29. Be3 f5 30. Rb4 f4 31. Bxa7 e3 32. fxe3 fxe3 33. Re2 Re5 34.
Kxc3 Rxd5 35. Rxe3 Rf8 36. Rd3 Rxd3+ 37. cxd3 Kc6 38. Bd4 Rf7 39. Be5 Re7 40.
Kd4 Rd7 41. Ke3 Kd5 42. Bxd6 Kxd6 43. Rd4+ Ke6 44. Rxd7 Kxd7 45. Kd4 Kd6 46. a5
g6 1-0

[Event "World Rapid 2017"]
[Site "Riyadh KSA"]
[Date "2017.12.27"]
[Round "9.53"]
[White "Dervishi, Erald"]
[Black "Lam, Daniel King-wai"]
[Result "1-0"]
[WhiteTitle "GM"]
[BlackTitle "FM"]
[WhiteElo "2552"]
[BlackElo "2222"]
[WhiteFideId "4700236"]
[BlackFideId "6001238"]
[EventDate "2017.12.26"]

1. e4 e6 2. d4 d5 3. Nd2 Be7 4. Bd3 c5 5. dxc5 Nf6 6. Qe2 O-O 7. Ngf3 Nc6 8. O-O
Nb4 9. Nb3 a5 10. a4 Nxd3 11. cxd3 b6 12. e5 Nd7 13. cxb6 Qxb6 14. Nbd4 Ba6 15.
Be3 Qb7 16. Rfd1 Nc5 17. Bg5 Bxg5 18. Nxg5 h6 19. Ngf3 Rab8 20. Rd2 Rfc8 21. h4
Qb4 22. Qd1 Rb6 23. g3 Rcb8 24. Kg2 Nb3 25. Nxb3 Qxb3 26. Qe2 Rc8 27. Nd4 Qb4
28. Qe3 Rbb8 29. Ra3 Rc1 30. Rb3 Qf8 31. Rc3 Rxc3 32. bxc3 Rb1 33. Ra2 Qc5 34.
Qd2 Qb6 35. Qc2 Qb7 36. h5 Qb6 37. Nf3 Qb7 38. Nd4 Qb6 39. Qd2 Qb7 40. Rc2 Qb6
41. Qe3 Rd1 42. Rd2 Qb1 43. Rxd1 Qxd1 44. Nb5 Qxa4 45. Nd6 Qc6 46. Qa7 Bxd3 47.
Qxf7+ Kh7 48. Ne8 d4+ 49. Kh2 1-0